Slovensko by sa malo od 1. januára 1997 rozdeliť na osem oblastí

MV SR pripravuje novelu zákona č. 517/1990 Zb. o územnom a správnom členení SR s účinnosťou od 1.1.1997. Osem oblastí a 75-90 celkov. ZMOS žiada v mnohých oblastiach presun kompetencií aj financií na obce. Každá obec si bude môcť vybrať sídlo úradu miestnej správy.

Gespeichert in:
Bibliographische Detailangaben
1. Verfasser: Velecký, M.
Format: Buchkapitel
Sprache:Slowakisch
Schlagworte:
Tags: Tag hinzufügen
Keine Tags, Fügen Sie das erste Tag hinzu!

MARC

LEADER 00000naa a2200000 4500
001 r019198
005 20221205103114.8
041 0 |a slo 
044 |a SK 
245 1 0 |a Slovensko by sa malo od 1. januára 1997 rozdeliť na osem oblastí  |c M. Velecký 
520 |a MV SR pripravuje novelu zákona č. 517/1990 Zb. o územnom a správnom členení SR s účinnosťou od 1.1.1997. Osem oblastí a 75-90 celkov. ZMOS žiada v mnohých oblastiach presun kompetencií aj financií na obce. Každá obec si bude môcť vybrať sídlo úradu miestnej správy. 
610 2 0 |a Slovensko 
610 2 0 |a obce 
610 2 0 |a správa miestna 
610 2 0 |a ZMOS 
610 2 0 |a právomoc 
610 2 0 |a zákony 
610 2 0 |a 1990 
610 2 0 |a 1997 
610 2 0 |a novelizácia 
610 2 0 |a správa štátna 
610 2 0 |a financovanie 
610 2 0 |a politika regionálna 
100 1 |a Velecký, M.